000 00480nam a2200157Ia 4500
008 220216s9999 xx 000 0 und d
100 _aGeorge P J
245 0 _aRubber tree (Hevea brasiliensis Muell Arg.)
260 _bHandbook of Natural Rubber Production in India (Ed. P N Radhakrishna Pillay) Kottayam, RRII, 1980
_c1980
300 _a25-31
650 _aHevea brasiliensis
700 _aMarkose V C
700 _aPanikkar A O N
700 _aPremakumari D
942 _cJS
999 _c68089
_d68089